| 000 | 00826nam a22002295i 4500 | ||
|---|---|---|---|
| 001 | 177643 | ||
| 003 | ES-MaACL | ||
| 005 | 20240120062956.0 | ||
| 008 | 110408s2007 es a |||| | spa d | ||
| 020 | _a978-999-238-6 | ||
| 080 | _a821.134.2(728.4)-32"19" | ||
| 100 | 1 |
_aRuiz de Torres, Juan, _d1931-2014 _9155342 |
|
| 245 | 1 | 0 |
_aCasi todos los ángeles tienen alas y otras raras historias / _cJuan Ruiz de Torres, David Escobar Galindo, Alejandro Moreno Romero. |
| 260 |
_aLa Libertad (El Salvador) : _bDelgado, _cimp. 2007. |
||
| 300 |
_a207 p. : _bil. col. ; _c22 cm. |
||
| 490 | 1 |
_aLas dos orillas ; _v4 |
|
| 700 | 0 |
_aEscobar Galindo, David. _947565 |
|
| 700 | 1 |
_aMoreno Romero, Alejandro. _9146073 |
|
| 830 | 0 |
_aLas dos orillas ; _v4 _9190533 |
|
| 852 |
_aES-MaACL _jE-14844 |
||
| 999 |
_c177643 _d177643 |
||